La pequeña Producción Agrícola en Cuba /
El presente trabajo se propone caracterizar la pequeña agricultura subsistente de Cuba, analizar su participación en la economía agropecuaria nacional y destacar las tendencias que se advierten en su desarrollo. Este examen lo abordaremos desde la perspectiva de una sociedad que ha revolucionado sus...
Tallennettuna:
| Päätekijä: | |
|---|---|
| Aineistotyyppi: | Kirja |
| Kieli: | Spanish |
| Julkaistu: |
San José, Costa Rica;
Editorial Universidad de Costa Rica:
1980
|
| Aiheet: | |
| Tagit: |
Lisää tagi
Ei tageja, Lisää ensimmäinen tagi!
|
MARC
| LEADER | 00000nam a22000007a 4500 | ||
|---|---|---|---|
| 003 | cru IIS | ||
| 005 | 20210715153511.0 | ||
| 008 | 210715c1980 |||fn||| |||| 00| 0 spa d | ||
| 022 | |2 0482-5276 | ||
| 040 | |a CRAI-IIS |b SPA |c CRAI-IIS | ||
| 090 | |a REV0862 (19-20) 1980 | ||
| 100 | 1 | |9 9333 |a Valdés Paz, Juan | |
| 245 | |a La pequeña Producción Agrícola en Cuba / |c Juan Valdés Paz | ||
| 260 | |a San José, Costa Rica; |b Editorial Universidad de Costa Rica: |c 1980 | ||
| 300 | |a pp. 91-106 | ||
| 500 | |a Colección Centroamérica | ||
| 520 | |a El presente trabajo se propone caracterizar la pequeña agricultura subsistente de Cuba, analizar su participación en la economía agropecuaria nacional y destacar las tendencias que se advierten en su desarrollo. Este examen lo abordaremos desde la perspectiva de una sociedad que ha revolucionado sus estructuras políticas, económicas y sociales y se se halla en dase de construcción del socialismo. | ||
| 600 | 1 | 4 | |9 9333 |a Valdés Paz, Juan |
| 650 | 0 | |9 4686 |a CUBANOS | |
| 650 | 0 | |9 10027 |a CUBA | |
| 650 | 0 | |9 2019 |a ECONOMIA AGRARIA | |
| 650 | 0 | |9 5363 |a CAMPESINOS | |
| 760 | |b Revista de Ciencias Sociales | ||
| 773 | |0 Núm. 19-20: p. 91-106 |t Revista de Ciencias Sociales | ||
| 773 | 0 | |0 18728 |9 5854 |a Universidad de Costa Rica. |d San José, Costa Rica Editorial UCR 1959- |o 21461 |t Revista de Ciencias Sociales/ |x 04825276 | |
| 942 | |2 z |c PP |h REV0862 (19-20) 1980 |6 REV0862_1920_1980 | ||
| 999 | |c 43768 |d 43768 | ||
